000 00996nam a2200229Ia 4500
001 15599
003 GE_BSU
008 181216s||||||||xx |||||||||||||| ||und||
040 _cGE_BSU
080 _a821.161.1-31
100 _aგორკი, მაქსიმ
245 _aარტამონოვების საქმე
245 _bრომანი
245 _cთარგმნა თ. მაღლაფერიძემ ; საქართველოს მწერალთა კავშირთან არსებული მხატვ. თარგმანისა და ლიტ. ურთიერთობების მთავარი სარედაქციო კოლეგია.
260 _aთბილისი
260 _bნაკადული
260 _c1984
300 _a320გვ. ; 20სმ
653 _aარტამონოვების საქმე
653 _aრომანი
942 _cBK
999 _c48699
_d48699